Pozsony város utczáinak fölmérése 1732-ben
Elmentve itt :
| Dokumentumtípus: | Cikk |
|---|---|
| Megjelent: |
1901
|
| Sorozat: | Magyar gazdaságtörténelmi szemle
8 |
| Kulcsszavak: | Közgazdaságtudomány, Gazdaságtörténet |
| Online Access: | http://misc.bibl.u-szeged.hu/619 |
| LEADER | 00555nab a2200157 i 4500 | ||
|---|---|---|---|
| 001 | misc619 | ||
| 005 | 20191106144054.0 | ||
| 008 | 170607s1901 hu o 0|| hun d | ||
| 040 | |a SZTE Miscellanea Repozitórium |b hun | ||
| 041 | |a hun | ||
| 245 | 0 | 0 | |a Pozsony város utczáinak fölmérése 1732-ben |h [elektronikus dokumentum] |
| 260 | |c 1901 | ||
| 300 | |a 41-42 | ||
| 490 | 0 | |a Magyar gazdaságtörténelmi szemle |v 8 | |
| 695 | |a Közgazdaságtudomány, Gazdaságtörténet | ||
| 856 | 4 | 0 | |u http://misc.bibl.u-szeged.hu/619/1/gazd_tort_szeml_1901_041-042.pdf |z Dokumentum-elérés |